| 000 | 01109nam a22003017a 4500 | ||
|---|---|---|---|
| 005 | 20231226165138.0 | ||
| 010 | _aB-747379 E.N.A./7.11.22 EN-138615 ENG-138755 ENG-138757 | ||
| 020 |
_a9789390897766 _c595.00 |
||
| 020 |
_a9789390897773 _c1595.00 |
||
| 035 | _aB-747379 | ||
| 035 | _aEN-122147 | ||
| 035 | _aEN-122289 | ||
| 035 | _aEN-122287 | ||
| 037 | _bDBAD/PUB | ||
| 082 |
_a155.4 _21 |
||
| 100 |
_aReddy, K. Srinivas _960246 |
||
| 245 |
_aUnderstanding Children in Inclusive Context/ _cBy K. Srinivas Reddy, Premananda Mishra and P. Venkata Chary and Edited By Himangshu Das And Kamalakant Pandey |
||
| 250 | _a1 | ||
| 260 |
_aNew Delhi _bNeelkamal Publications _c2022 |
||
| 270 |
_a4764/1, 23, Ansari Road, Daryaganj, _bDelhi _e110002 |
||
| 300 |
_axxx,428p. _bIndex _c24cm(pbk) |
||
| 300 |
_axxx,428p. _bIndex _c25cm(pbk) |
||
| 700 |
_aMishra, Premananda _eAuthor _959903 |
||
| 700 |
_aChary. P. Venkata _eAuthor _959904 |
||
| 700 |
_aDas, Himangshu _eEditor _960247 |
||
| 700 |
_aPandey, Kamalakant _eEditor _960248 |
||
| 942 |
_2ddc _cEN _h155.4 _mRED _e1 |
||
| 999 |
_c195028 _d195028 |
||